Agar.io Veteran Skins - Statistiken

Allgemein
  • Dieses Quiz wurde 2 mal gespielt
  • Das Durchschnittsergebnis liegt bei 3 aus 30
Antwortstatistiken
Level Skin % Korrekt
5 Fly
100%
100 Kraken
50%
50 Sumo
50%
15 Wasp
50%
25 Bat
0%
55 Bear
0%
130 Brave Halfling
0%
60 Cougar
0%
40 Coyote
0%
75 Crocodile
0%
35 Fox
0%
120 Grove Spirit
0%
45 Hunter
0%
70 Lion
0%
20 Lizard
0%
85 Mammoth
0%
125 Mystical Dwarf
0%
65 Panther
0%
140 Powerful Sorcerer
0%
90 Raptor
0%
80 Shark
0%
110 Small Goblin
0%
30 Snake
0%
10 Spider
0%
145 Stealthy Assassin
0%
105 Tiny Fairy
0%
95 T-Rex
0%
150 Valiant Knight
0%
135 Wild Werewolf
0%
115 Young Elf
0%
Keine übereinstimmenden Quizze gefunden
Verteilung der Resultate
Anzahl Personen mit jedem Resultat
Perzentil nach korrekt beantworteten Fragen
Ihre Resultats-Entwicklung
Sie haben dieses Quiz noch nicht gespielt